Normal view MARC view

Entry Corporate Name

Number of records used in: 2

001 - CONTROL NUMBER

  • control field: 27487

003 - CONTROL NUMBER IDENTIFIER

  • control field: dpl

005 - DATE AND TIME OF LATEST TRANSACTION

  • control field: 20110427111854.0

008 - FIXED-LENGTH DATA ELEMENTS

  • fixed length control field: 110427|||a|||||| | ||| d

040 ## - CATALOGING SOURCE

  • Original cataloging agency: dpl
  • Transcribing agency: dpl

110 ## - HEADING--CORPORATE NAME

  • Corporate name or jurisdiction name as entry element: African Studies Association of India.

670 ## - SOURCE DATA FOUND

  • Source citation: Work cat.: (dpl): 27456 Dubey , Ajay, Indian diaspora in Africa :, 2010

670 ## - SOURCE DATA FOUND

  • Source citation: Work cat.: (dpl): 27456 Dubey , Ajay, Indian diaspora in Africa :, 2010

© Delhi Public Library
Hit Counter
free hit counter